000 00488nam a2200181 4500
001 125957
003 ES-MaACL
005 20250801063036.0
007 t|
008 070214s1933 fr r ||||1| fre d
100 1 _aRégnier, Henri de,
_d1864-1936
_995907
245 1 0 _aDe mon temps /
_cHenri de Régnier.
250 _a2ème éd.
260 _aParis :
_bMercure de France,
_c1933.
300 _a224 p. ;
_c19 cm.
852 _aES-MaACL
_jA-2299
999 _c125957
_d125957